Kant's Transcendental Deduction of the Categories : Critical Re-Examination, Elucidation and Corroboration (Record no. 48933)
[ view plain ]
| 000 -LEADER | |
|---|---|
| fixed length control field | 01723nam a2200241Ia 4500 |
| 000 - LEADER | |
| fixed length control field | 02363naaa 00361uu |
| 001 - CONTROL NUMBER | |
| control field | https://directory.doabooks.org/handle/20.500.12854/70090 |
| 005 - DATE AND TIME OF LATEST TRANSACTION | |
| control field | 20260218105759.0 |
| 008 - FIXED-LENGTH DATA ELEMENTS--GENERAL INFORMATION | |
| fixed length control field | 211013s9999 xx 000 0 und d |
| 020 ## - INTERNATIONAL STANDARD BOOK NUMBER | |
| International Standard Book Number | 9789523690288 |
| 024 ## - OTHER STANDARD IDENTIFIER | |
| Standard number or code | 10.33134/HUP-7 |
| 042 ## - AUTHENTICATION CODE | |
| Authentication code | dc |
| 245 #0 - TITLE STATEMENT | |
| Title | Kant's Transcendental Deduction of the Categories : Critical Re-Examination, Elucidation and Corroboration |
| 260 ## - PUBLICATION, DISTRIBUTION, ETC. | |
| Place of publication, distribution, etc. | Helsinki |
| Name of publisher, distributor, etc. | Helsinki University Press |
| Date of publication, distribution, etc. | 2021 |
| 300 ## - PHYSICAL DESCRIPTION | |
| Extent | 1 electronic resource (118 p.) |
| 520 ## - SUMMARY, ETC. | |
| Summary, etc. | Immanuel Kant's 'Transcendental Deduction of the Categories' addresses issues centrally debated today in philosophy and in cognitive sciences, especially in epistemology, and in theory of perception. Kant's insights into these issues are clouded by pervasive misunderstandings of Kant's 'Deduction' and its actual aims, scope, and argument. The present edition with its fresh and accurate translation and concise commentary aims to serve these contemporary debates as well as continuing intensive and extensive scholarship on Kant's Critique of Pure Reason. Two surprising results are that 'Transcendental Deduction' is valid and sound, and it holds independently of Kant's transcendental idealism. This lucid volume is interesting and useful to students, yet sufficiently detailed to be informative to specialists. |
| 540 ## - TERMS GOVERNING USE AND REPRODUCTION NOTE | |
| Terms governing use and reproduction | Creative Commons |
| 653 ## - INDEX TERM--UNCONTROLLED | |
| Uncontrolled term | Critique of Pure Reason |
| 700 1# - ADDED ENTRY--PERSONAL NAME | |
| Personal name | Westphal, Kenneth R. |
| 856 ## - ELECTRONIC LOCATION AND ACCESS | |
| Uniform Resource Identifier | <a href="https://docs.google.com/spreadsheets/d/1yKIrdCPDAG_9c22mwoOIO2DOhtj65Wqa/edit?usp=sharing&ouid=106555315294820607512&rtpof=true&sd=true ">https://docs.google.com/spreadsheets/d/1yKIrdCPDAG_9c22mwoOIO2DOhtj65Wqa/edit?usp=sharing&ouid=106555315294820607512&rtpof=true&sd=true </a> |
| Link text | List of Curated E-Books |
| 942 ## - ADDED ENTRY ELEMENTS (KOHA) | |
| Koha item type | E-Book |
| Withdrawn status | Source of classification or shelving scheme | Damaged status | Not for loan | Home library | Current library | Date acquired | Total Checkouts | Date last seen | Price effective from | Koha item type |
|---|---|---|---|---|---|---|---|---|---|---|
| Library of Congress Classification | Not For Loan | Directory of Open Access Books | Directory of Open Access Books | 12/22/2021 | 12/22/2021 | 12/22/2021 | E-Book |